[Event "Match/Team URS-World 21-19"]
[Site "London"]
[Date "1984.06.25"]
[Round "2.3"]
[White "Kortschnoj, Viktor Lvovich"]
[Black "Polugaevsky, Lev"]
[Result "1-0"]
[WhiteElo "2635"]
[BlackElo "2615"]
[Annotator "ChessBase"]
[PlyCount "80"]
[EventDate "1984.06.24"]
[EventType "team"]
[EventRounds "4"]
[EventCountry "ENG"]
[SourceTitle "MCL"]
[Source "ChessBase"]
[SourceDate "1999.07.01"]
[SourceVersion "1"]
[SourceVersionDate "1999.07.01"]
[SourceQuality "1"]

1. Nf3 Nf6 2. g3 d5 3. Bg2 c6 4. O-O Bf5 5. d3 h6 (5... e6 $142 6. c4 dxc4 7.
dxc4 Qxd1 8. Rxd1 Nbd7) 6. c4 e6 7. Be3 (7. Nd4 $5 Bh7 8. cxd5 exd5 9. Nc3 Be7
10. e4 $36) 7... Be7 (7... Nbd7 8. Qb3 Qc7 9. Nc3 $5 (9. cxd5 exd5 10. Nd4 Bh7
11. Bf4 Qb6 $13) 9... Bc5 10. Bxc5 Nxc5 11. Qa3 Qe7 12. cxd5 $1 exd5 13. e4
dxe4 14. Nd4 Bg4 15. dxe4 Ne6 16. Qxe7+ Kxe7 {Kengis,E-Gausel,E,Gausdal 1991}
17. Nb3 $1 $36 {[+]}) (7... dxc4 $14) 8. Qb3 Qc8 9. Nc3 O-O $6 (9... Nbd7 $142
10. Rac1 dxc4 11. Qxc4 O-O $132) 10. Rac1 {/\Nd4,cd5+-} Bh7 11. cxd5 $1 exd5
12. Ne5 (12. Bd4 $1 Nbd7 13. Bh3 Qb8 14. e4 dxe4 15. dxe4 Bd6 16. Rfe1 Re8 17.
Bxf6 Nxf6 18. e5 Bxe5 19. Nxe5 Rxe5 20. Rxe5 Qxe5 21. Qxb7 Rb8 22. Qxa7 Rxb2
23. Qa8+ Qe8 24. Qxe8+ Nxe8 25. Bd7 $16 {Kortschnoj}) 12... Bd6 $1 {/\Bc7} 13.
Bd4 Bc7 14. e4 $36 dxe4 15. dxe4 Na6 16. Nc4 (16. Rfd1 c5 17. Nd5 $1 {/\} Nxd5
18. exd5 cxd4 19. d6 $18 {Kortschnoj}) 16... Nd7 17. a4 Nac5 18. Qa3 Ne6 (18...
Nd3 19. Rcd1 N3e5 20. Nxe5 Nxe5 21. f4 $36) 19. Be3 Nb6 (19... Ne5 $5 $14) 20.
Nd5 $1 Nxc4 (20... cxd5 21. exd5 $16 {/\d6}) 21. Rxc4 Qd8 22. Nxc7 Qxc7 23. b4
Qe7 24. Qc3 Rfd8 25. f4 f6 (25... f5 26. e5 Bg6 27. b5 $16) 26. b5 $16 cxb5 27.
axb5 Rd7 28. Rc8+ Rxc8 (28... Rd8 29. Rxd8+ Nxd8 30. Rd1 $16) 29. Qxc8+ Nf8 30.
Qc4+ Qe6 (30... Kh8 31. Bxa7 $18) 31. Qxe6+ Nxe6 32. Bxa7 Nd4 (32... b6 $5 33.
Ra1 $18) 33. Bh3 Ne2+ $6 (33... f5 $142 34. Bxd4 Rxd4 35. e5 $5 $18) 34. Kf2
Rd2 35. Ke3 $18 Rb2 36. Be6+ Kh8 37. Rd1 (37. Rf2 Nc3 38. Rxb2 Nd1+ 39. Kd4 $18
) 37... g5 38. Rd8+ Kg7 39. Bc5 gxf4+ 40. gxf4 Bg6 $22 (40... Rxb5 41. Bf8+) (
40... Bg6 41. Bf8+ Kh7 42. Rd7+ Kh8 43. Bg7+) 1-0

[Event "Biel-17 GM"]
[Site "Biel"]
[Date "1984.08.03"]
[Round "11"]
[White "Kortschnoj, Viktor Lvovich"]
[Black "Eslon, Jaan"]
[Result "1-0"]
[WhiteElo "2635"]
[BlackElo "2430"]
[Annotator "ChessBase"]
[PlyCount "91"]
[EventDate "1984.07.22"]
[EventType "tourn"]
[EventRounds "11"]
[EventCountry "SUI"]
[EventCategory "10"]
[SourceTitle "MCL"]
[Source "ChessBase"]
[SourceDate "1999.07.01"]
[SourceVersion "1"]
[SourceVersionDate "1999.07.01"]
[SourceQuality "1"]

1. d4 e6 2. Nf3 Nf6 3. c4 d5 4. Nc3 Nbd7 5. cxd5 exd5 6. Bf4 c6 7. e3 Be7 8.
Qc2 O-O 9. Bd3 Re8 10. h3 Nf8 11. O-O-O Be6 12. Kb1 a5 13. Ng5 b5 14. Be5 h6
15. Nxe6 Nxe6 16. g4 a4 17. Bf5 Nd7 18. Ne2 Rc8 19. Bxe6 $6 (19. Nf4 Bf6 20.
Bd6 Nxf4 21. Bxf4 $14 {Kortschnoj}) 19... fxe6 20. Ng3 Bf6 21. f4 c5 22. Nh5
cxd4 23. Qg6 Bxe5 24. fxe5 Qg5 25. Qxg5 hxg5 26. exd4 Nb6 27. h4 gxh4 28. Rxh4
Rf8 29. Rdh1 Nc4 30. R4h2 Rf3 31. g5 Rcf8 32. g6 Rf1+ 33. Rxf1 Rxf1+ 34. Kc2 b4
35. a3 bxa3 36. bxa3 Rf3 37. Rh1 Nxa3+ 38. Kd2 Nc4+ 39. Ke2 Rb3 40. Nf6+ gxf6
41. exf6 Rb8 42. Rh7 Nd6 43. Rg7+ Kh8 44. Rd7 Ra8 45. Rxd6 Kg8 46. Rd7 1-0

[Event "Zuerich op"]
[Site "Zuerich"]
[Date "1984.??.??"]
[Round "2"]
[White "Kortschnoj, Viktor Lvovich"]
[Black "Zueger, Beat"]
[Result "1-0"]
[WhiteElo "2635"]
[BlackElo "2385"]
[PlyCount "73"]
[EventDate "1984.09.??"]
[EventType "swiss"]
[EventRounds "9"]
[EventCountry "SUI"]
[SourceTitle "MCD"]
[Source "ChessBase"]
[SourceDate "1999.07.01"]
[SourceVersion "1"]
[SourceVersionDate "1999.07.01"]
[SourceQuality "1"]

1. Nf3 c5 2. g3 g6 3. Bg2 Bg7 4. d4 Nc6 5. d5 Na5 6. e4 d6 7. O-O Bg4 8. Qe2
Nf6 9. Nbd2 O-O 10. h3 Bd7 11. Rd1 Qb6 12. Nb3 Bb5 13. Qe1 Nc4 14. Nbd2 Nd7 15.
a4 Ba6 16. Nxc4 Bxc4 17. Nd2 Ba6 18. Nb3 Ne5 19. Bd2 Nc4 20. Bc3 Bxc3 21. Qxc3
Rac8 22. Bf1 Ne5 23. Bxa6 Qxa6 24. Nd2 Qe2 25. f4 Nd7 26. Re1 Qh5 27. Kg2 Nf6
28. g4 Qh6 29. g5 Qh4 30. gxf6 Qxf4 31. fxe7 Rfe8 32. Nc4 Rxe7 33. Qg3 Rxe4 34.
Qxf4 Rxf4 35. Nxd6 Rd8 36. Re4 Rf6 37. Re8+ 1-0

[Event "Zuerich op"]
[Site "Zuerich"]
[Date "1984.??.??"]
[Round "6"]
[White "Kortschnoj, Viktor Lvovich"]
[Black "Kindermann, Stefan"]
[Result "1-0"]
[WhiteElo "2635"]
[BlackElo "2470"]
[PlyCount "83"]
[EventDate "1984.09.??"]
[EventType "swiss"]
[EventRounds "9"]
[EventCountry "SUI"]
[SourceTitle "MCD"]
[Source "ChessBase"]
[SourceDate "1999.07.01"]
[SourceVersion "1"]
[SourceVersionDate "1999.07.01"]
[SourceQuality "1"]

1. d4 Nf6 2. c4 e6 3. Nc3 Bb4 4. e3 O-O 5. Nf3 d5 6. Be2 c5 7. O-O dxc4 8. Bxc4
b6 9. Qe2 Bb7 10. Rd1 cxd4 11. Nxd4 Qe7 12. Bd2 Nc6 13. Nxc6 Bxc6 14. a3 Bc5
15. e4 e5 16. Bg5 h6 17. Bh4 Bd4 18. Bd5 Rac8 19. Bxc6 Rxc6 20. Nd5 Qe6 21.
Bxf6 gxf6 22. Rac1 Rfc8 23. Rxc6 Rxc6 24. g4 Kg7 25. h3 Qc8 26. Ne7 Rc2 27. Rd2
Rc1+ 28. Kg2 Qc4 29. Nf5+ Kg6 30. Qxc4 Rxc4 31. h4 h5 32. Kf3 a5 33. Ng3 hxg4+
34. Kxg4 Rc1 35. h5+ Kh7 36. Ne2 Rb1 37. Nxd4 exd4 38. Kf5 Kh6 39. f4 Rf1 40.
Rxd4 Rf2 41. b4 Kxh5 42. Rd6 1-0

[Event "Titograd"]
[Site "Titograd"]
[Date "1984.12.11"]
[Round "2"]
[White "Kortschnoj, Viktor Lvovich"]
[Black "Djuric, Stefan"]
[Result "1-0"]
[WhiteElo "2635"]
[BlackElo "2500"]
[PlyCount "101"]
[EventDate "1984.12.10"]
[EventType "tourn"]
[EventRounds "11"]
[EventCountry "YUG"]
[EventCategory "12"]
[SourceTitle "MCD"]
[Source "ChessBase"]
[SourceDate "1999.07.01"]
[SourceVersion "1"]
[SourceVersionDate "1999.07.01"]
[SourceQuality "1"]

1. Nf3 d5 2. c4 c6 3. e3 Nf6 4. Nc3 g6 5. d4 Bg7 6. Bd3 O-O 7. O-O c5 8. dxc5
dxc4 9. Bxc4 Qa5 10. Nb5 Ne4 11. Qd5 a6 12. Qxe4 axb5 13. Bb3 Qc7 14. Nd4 Na6
15. Nxb5 Qxc5 16. Nc3 Bd7 17. Bd2 Bc6 18. Qg4 Rfd8 19. Rad1 e6 20. Qh4 Rd7 21.
e4 Bd4 22. Bg5 Nc7 23. Bf6 Bxf6 24. Qxf6 Rad8 25. Rfe1 Rxd1 26. Nxd1 Rd3 27.
Ne3 Qb4 28. Rc1 Ne8 29. Qe5 Rd7 30. f3 Rd3 31. Ng4 Qd2 32. Rf1 h5 33. Nf2 Re3
34. Qg5 Qd4 35. Rd1 Qb6 36. Bc4 Kh7 37. Qe5 Qb4 38. Bf1 Ba4 39. b3 Bc6 40. Qd4
Qxd4 41. Rxd4 Rc3 42. Rd2 Rc1 43. Nd3 Ra1 44. Kf2 Nd6 45. Ne5 Nb5 46. Bxb5 Bxb5
47. Nxf7 h4 48. Ke3 Re1+ 49. Kf4 Rg1 50. Ng5+ Kh6 51. Nxe6 1-0

[Event "Titograd"]
[Site "Titograd"]
[Date "1984.12.17"]
[Round "6"]
[White "Kortschnoj, Viktor Lvovich"]
[Black "Csom, Istvan"]
[Result "1-0"]
[WhiteElo "2635"]
[BlackElo "2505"]
[PlyCount "173"]
[EventDate "1984.12.10"]
[EventType "tourn"]
[EventRounds "11"]
[EventCountry "YUG"]
[EventCategory "12"]
[SourceTitle "MCD"]
[Source "ChessBase"]
[SourceDate "1999.07.01"]
[SourceVersion "1"]
[SourceVersionDate "1999.07.01"]
[SourceQuality "1"]

1. Nf3 Nf6 2. c4 e6 3. Nc3 d5 4. d4 Nbd7 5. cxd5 exd5 6. Bf4 c6 7. e3 Nh5 8.
Bg3 g6 9. Bd3 Nxg3 10. hxg3 Bg7 11. b4 a6 12. O-O O-O 13. a4 Nf6 14. a5 Nd7 15.
Na4 Qe7 16. Rb1 Nf6 17. Nd2 Be6 18. Nc5 Rad8 19. Nxe6 Qxe6 20. Nb3 Rfe8 21. Nc5
Qc8 22. Qf3 Re7 23. Rfc1 Ne8 24. g4 h6 25. Qd1 Nd6 26. Rc2 Ne4 27. Rbc1 Qb8 28.
Bxe4 dxe4 29. Na4 Bf8 30. Nb6 Ree8 31. Rc4 Qd6 32. Qe2 Qf6 33. g3 Qg5 34. Kg2
Re6 35. Na4 Rd7 36. Nc3 Re8 37. Rh1 Qf6 38. Rh4 g5 39. Rh1 Qe6 40. Na4 Rd5 41.
Nc5 Qe7 42. Rcc1 Bg7 43. Rhf1 Rd6 44. Qc2 Bh8 45. Rcd1 Bg7 46. Rd2 Bh8 47. f3
exf3+ 48. Rxf3 Rf6 49. Rdf2 Rxf3 50. Rxf3 Bg7 51. Qf5 Rd8 52. Kf2 Bh8 53. Qe4
Qc7 54. Rf5 Bg7 55. Kg2 Bf8 56. Nd3 Bd6 57. Rf6 Kg7 58. Rf3 Kg8 59. Qf5 Qe7 60.
Qf6 Qxf6 61. Rxf6 Kg7 62. Rf1 Kg6 63. Kf3 f6 64. Nc5 Bxc5 65. bxc5 h5 66. gxh5+
Kxh5 67. g4+ Kg6 68. Ke4 Rh8 69. Kd3 Rh7 70. Rf2 Rh4 71. Rb2 Rh7 72. e4 Rd7 73.
Rh2 Rd8 74. Rh1 Rc8 75. Rf1 Rd8 76. Rf5 Rh8 77. e5 fxe5 78. dxe5 Rd8+ 79. Ke4
Rd5 80. Rf6+ Kg7 81. Rd6 Rxc5 82. Kf5 Rxa5 83. Rd7+ Kh6 84. Rxb7 Ra4 85. e6
Rf4+ 86. Ke5 Kg6 87. Rb8 1-0

[Event "Titograd"]
[Site "Titograd"]
[Date "1984.12.21"]
[Round "10"]
[White "Kortschnoj, Viktor Lvovich"]
[Black "Kudrin, Sergey"]
[Result "1-0"]
[WhiteElo "2635"]
[BlackElo "2520"]
[PlyCount "71"]
[EventDate "1984.12.10"]
[EventType "tourn"]
[EventRounds "11"]
[EventCountry "YUG"]
[EventCategory "12"]
[SourceTitle "MCD"]
[Source "ChessBase"]
[SourceDate "1999.07.01"]
[SourceVersion "1"]
[SourceVersionDate "1999.07.01"]
[SourceQuality "1"]

1. d4 Nf6 2. c4 e6 3. Nf3 b6 4. g3 Bb4+ 5. Bd2 Bxd2+ 6. Qxd2 Ba6 7. b3 c6 8.
Qf4 d5 9. Nbd2 O-O 10. e4 dxe4 11. Nxe4 Nbd7 12. Nxf6+ Nxf6 13. Ne5 Bb7 14. Bg2
Rc8 15. O-O Qe7 16. Rfe1 Rfd8 17. Rad1 h6 18. h4 Nd7 19. Ng4 Nf6 20. Ne3 Qc7
21. Qf3 Ba8 22. g4 c5 23. d5 exd5 24. cxd5 Re8 25. g5 hxg5 26. hxg5 Ne4 27. Nf5
Nd6 28. Qf4 Rcd8 29. Rxe8+ Nxe8 30. d6 Qd7 31. Bxa8 Rxa8 32. Ne7+ Kf8 33. Ng6+
Kg8 34. Ne7+ Kf8 35. Qh4 Nxd6 36. Re1 1-0

[Event "Titograd"]
[Site "Titograd"]
[Date "1984.12.23"]
[Round "11"]
[White "Tal, Mihail"]
[Black "Kortschnoj, Viktor Lvovich"]
[Result "0-1"]
[WhiteElo "2620"]
[BlackElo "2635"]
[PlyCount "124"]
[EventDate "1984.12.10"]
[EventType "tourn"]
[EventRounds "11"]
[EventCountry "YUG"]
[EventCategory "12"]
[SourceTitle "MCD"]
[Source "ChessBase"]
[SourceDate "1999.07.01"]
[SourceVersion "1"]
[SourceVersionDate "1999.07.01"]
[SourceQuality "1"]

1. Nf3 c5 2. c4 Nf6 3. g3 e6 4. Bg2 Be7 5. d4 d5 6. cxd5 exd5 7. O-O O-O 8. b3
Nc6 9. Bb2 Ne4 10. dxc5 Bxc5 11. Nc3 Nxc3 12. Bxc3 d4 13. Bb2 Re8 14. Rc1 Bb6
15. Qd2 Bg4 16. h3 Bh5 17. Rfd1 Rc8 18. g4 Bg6 19. Nxd4 Nxd4 20. Bxd4 Bxd4 21.
Rxc8 Bxf2+ 22. Kxf2 Qxc8 23. Bf3 h6 24. Qd7 Qc5+ 25. Qd4 Qc7 26. Qd6 Qc3 27.
Qf4 Qc5+ 28. Qd4 Qa5 29. Qd5 Qxa2 30. Qxb7 Qc2 31. Qb5 Re6 32. Rd8+ Kh7 33. Qc4
Rb6 34. Rd7 a5 35. Rd5 Qb2 36. Rb5 Rxb5 37. Qxb5 Qc3 38. Qd5 Qb4 39. Qb7 Qd4+
40. Kg2 f6 41. Qb5 Qe5 42. Qxe5 fxe5 43. Bd5 Be8 44. Be4+ Kg8 45. Bd5+ Kf8 46.
Kf3 Ke7 47. h4 Kd6 48. Bg8 Bc6+ 49. Ke3 g5 50. hxg5 hxg5 51. Bc4 Bb7 52. Bf7
Bc8 53. Kf3 Kc5 54. e3 Bb7+ 55. Ke2 Ba6+ 56. Kd2 Bc8 57. Bh5 Kb4 58. Kd3 Be6
59. Ke4 Bxb3 60. Be8 Ba4 61. Bf7 Bc2+ 62. Kxe5 a4 0-1

[Event "Berliner Sommer-03"]
[Site "Berlin West"]
[Date "1985.08.??"]
[Round "?"]
[White "Kortschnoj, Viktor Lvovich"]
[Black "Dizdar, Goran"]
[Result "1-0"]
[WhiteElo "2630"]
[BlackElo "2450"]
[PlyCount "87"]
[EventDate "1985.08.10"]
[EventType "swiss"]
[EventRounds "9"]
[EventCountry "GER"]
[SourceTitle "EXT 2002"]
[Source "ChessBase"]
[SourceDate "2001.11.25"]
[SourceVersion "1"]
[SourceVersionDate "2001.11.25"]
[SourceQuality "1"]

1. d4 Nf6 2. c4 e6 3. Nf3 d5 4. Bg5 Bb4+ 5. Nc3 O-O 6. e3 c5 7. Qb3 Nc6 8. cxd5
exd5 9. dxc5 Be6 10. Nd4 Bxc5 11. Nxe6 fxe6 12. Be2 Bb4 13. O-O Qb6 14. Bh4
Rac8 15. Rab1 Na5 16. Qa4 Nc4 17. a3 Bd6 18. Bxf6 gxf6 19. Qd7 Bb8 20. Bxc4
Rxc4 21. g3 Be5 22. Ne2 Rc2 23. Nf4 Bxf4 24. exf4 Rc7 25. Qa4 Rc4 26. Qd1 Kh8
27. f5 Rd4 28. Qh5 e5 29. Rbc1 Rg8 30. Rc2 Rdg4 31. Rfc1 d4 32. Rc8 Rxc8 33.
Rxc8+ Rg8 34. Rxg8+ Kxg8 35. Qe8+ Kg7 36. Qe7+ Kg8 37. h4 Qc6 38. h5 h6 39. Kh2
a5 40. g4 d3 41. Qd8+ Kf7 42. Qxd3 Qb6 43. Qd2 Ke7 44. Kg3 1-0

[Event "Berliner Sommer-03"]
[Site "Berlin West"]
[Date "1985.08.??"]
[Round "?"]
[White "Kortschnoj, Viktor Lvovich"]
[Black "Kaposztas, Miklos"]
[Result "1-0"]
[WhiteElo "2630"]
[BlackElo "2300"]
[PlyCount "131"]
[EventDate "1985.08.10"]
[EventType "swiss"]
[EventRounds "9"]
[EventCountry "GER"]
[SourceTitle "EXT 2002"]
[Source "ChessBase"]
[SourceDate "2001.11.25"]
[SourceVersion "1"]
[SourceVersionDate "2001.11.25"]
[SourceQuality "1"]

1. d4 Nf6 2. c4 e5 3. dxe5 Ng4 4. Bf4 Nc6 5. Nf3 Bb4+ 6. Nbd2 Qe7 7. a3 Ngxe5
8. Nxe5 Nxe5 9. e3 Bxd2+ 10. Qxd2 d6 11. Be2 a5 12. Rc1 O-O 13. b3 b6 14. O-O
Bb7 15. Bg3 Rfe8 16. Rc3 Nd7 17. f3 Qg5 18. Bd3 Qc5 19. Rb1 Kh8 20. Bc2 Qh5 21.
Rd3 Qg5 22. Re1 Nf8 23. Rd4 Qe7 24. Qd3 Kg8 25. Bh4 Qe6 26. Qd1 Qh6 27. Bf2 Qf6
28. Qb1 Bc6 29. Red1 Ng6 30. R1d2 Rab8 31. Qd1 Rbc8 32. f4 Nf8 33. b4 axb4 34.
axb4 Ne6 35. R4d3 Be4 36. Ra3 Qg6 37. Bxe4 Qxe4 38. Qc2 Qxc2 39. Rxc2 f5 40.
Ra7 g6 41. Kf1 Kf8 42. Bh4 Kf7 43. Rd2 Ra8 44. Rda2 Rxa7 45. Rxa7 Rc8 46. Ke2
Ke8 47. Kf3 h5 48. Bf2 Kd7 49. e4 fxe4+ 50. Kxe4 Rf8 51. g3 Rb8 52. Kd5 h4 53.
b5 hxg3 54. hxg3 Nc5 55. Bxc5 dxc5 56. Ra1 Rh8 57. g4 Rh2 58. g5 Rd2+ 59. Ke5
Rd4 60. Rh1 Rxc4 61. Rh7+ Ke8 62. Rxc7 Rb4 63. f5 gxf5 64. g6 Kd8 65. Rh7 Ke8
66. Rh8+ 1-0

[Event "Interpolis-09"]
[Site "Tilburg"]
[Date "1985.08.29"]
[Round "2"]
[White "Kortschnoj, Viktor Lvovich"]
[Black "Dzindzichashvili, Roman"]
[Result "1-0"]
[WhiteElo "2630"]
[BlackElo "2570"]
[PlyCount "40"]
[EventDate "1985.08.28"]
[EventType "tourn"]
[EventRounds "14"]
[EventCountry "NED"]
[EventCategory "15"]
[SourceTitle "MCL"]
[Source "ChessBase"]
[SourceDate "1999.07.01"]
[SourceVersion "1"]
[SourceVersionDate "1999.07.01"]
[SourceQuality "1"]

1. Nf3 g6 2. d4 Bg7 3. g3 d5 4. Bg2 c5 5. dxc5 Qa5+ 6. Nfd2 Nf6 7. Nc3 Qxc5 8.
Nb3 Qc7 9. Nxd5 Nxd5 10. Qxd5 Qxc2 11. Nd4 Qa4 12. Qb5+ Qxb5 13. Nxb5 Na6 14.
Be3 Bd7 15. Bxb7 Rb8 16. Bxa6 Bxb5 17. Bxa7 Bxa6 18. Bxb8 Bxb2 19. Rb1 Bc3+ 20.
Kf1 O-O 1-0

[Event "Interpolis-09"]
[Site "Tilburg"]
[Date "1985.09.05"]
[Round "7"]
[White "Kortschnoj, Viktor Lvovich"]
[Black "Timman, Jan H"]
[Result "1-0"]
[WhiteElo "2630"]
[BlackElo "2640"]
[Annotator "ChessBase"]
[PlyCount "55"]
[EventDate "1985.08.28"]
[EventType "tourn"]
[EventRounds "14"]
[EventCountry "NED"]
[EventCategory "15"]
[SourceTitle "MCL"]
[Source "ChessBase"]
[SourceDate "1999.07.01"]
[SourceVersion "1"]
[SourceVersionDate "1999.07.01"]
[SourceQuality "1"]

1. Nf3 c5 2. b3 d5 3. e3 Nc6 4. Bb2 a6 5. d4 Bg4 (5... Nf6 $5) 6. dxc5 e5 $6 (
6... Qa5+ $5) 7. Be2 Bxf3 8. Bxf3 e4 $2 (8... Nf6 9. c4 (9. Nc3 e4 10. Be2 Bxc5
$13) (9. Ba3 $5) 9... dxc4 (9... e4 10. cxd5) 10. Bxc6+ bxc6 11. Qxd8+ Rxd8 12.
Bxe5 $14) 9. Bg4 Nf6 (9... Qa5+ 10. Nc3 Nf6 11. O-O $16) 10. Bxf6 $1 gxf6 (
10... Qxf6 11. Qxd5 Rd8 12. Qxe4+ Be7 13. c3 $16) 11. Nc3 Qa5 12. Qd2 Rd8 13.
Na4 Qc7 14. O-O Rg8 15. Bh3 d4 16. Kh1 Bh6 17. Qe2 Qe5 18. Rad1 Kf8 19. Nb6 $1
f5 (19... Kg7 20. Nd7 Qe7 21. exd4 Rxd7 22. Qg4+ $18) (19... Qe7 20. exd4 Nxd4
21. Qc4) (19... Ke7 20. Nd7 $5 Rxd7 21. Bxd7 Kxd7 22. exd4 $16) 20. Qh5 Kg7 21.
exd4 $1 (21. Qxf5 $6 Qxf5 22. Bxf5 dxe3 23. fxe3 Bxe3 $16) 21... Nxd4 22. Nc4
$1 Qxc5 23. Ne3 Bxe3 24. fxe3 Ne6 25. Bxf5 Rxd1 26. Rxd1 Kf6 (26... Qxc2 27.
Bxe6 fxe6 28. Rd7+ $18) 27. Rf1 Ke7 28. Qxh7 1-0

[Event "Interpolis-09"]
[Site "Tilburg"]
[Date "1985.09.15"]
[Round "13"]
[White "Kortschnoj, Viktor Lvovich"]
[Black "Romanishin, Oleg M"]
[Result "1-0"]
[WhiteElo "2630"]
[BlackElo "2570"]
[PlyCount "79"]
[EventDate "1985.08.28"]
[EventType "tourn"]
[EventRounds "14"]
[EventCountry "NED"]
[EventCategory "15"]
[SourceTitle "MCL"]
[Source "ChessBase"]
[SourceDate "1999.07.01"]
[SourceVersion "1"]
[SourceVersionDate "1999.07.01"]
[SourceQuality "1"]

1. Nf3 Nf6 2. c4 g6 3. Nc3 Bg7 4. e4 d6 5. d4 O-O 6. h3 e5 7. d5 Na6 8. Be3 Nh5
9. Nh2 Qe8 10. Be2 Nf4 11. Bf3 f5 12. O-O b6 13. h4 Nc5 14. Bxc5 bxc5 15. g3
Nh3+ 16. Kg2 h5 17. Rh1 fxe4 18. Nxe4 Bf5 19. Qe2 Qd7 20. Rhf1 Rf7 21. Nc3 Raf8
22. Kh1 e4 23. Bg2 Bd4 24. Rae1 Qe7 25. Nxe4 Bxe4 26. f3 Nf2+ 27. Rxf2 Qf6 28.
Rff1 Bf5 29. Ng4 Qh8 30. Ne3 Re7 31. Qd2 Bxe3 32. Rxe3 Rxe3 33. Qxe3 Qxb2 34.
Re1 Qf6 35. Kh2 Rb8 36. Qa3 Rb2 37. Qxa7 Rxg2+ 38. Kxg2 Qb2+ 39. Kh1 Qf2 40.
Qb8+ {Time} 1-0

[Event "Brussels OHRA-04"]
[Site "Brussels"]
[Date "1985.12.20"]
[Round "5"]
[White "Kortschnoj, Viktor Lvovich"]
[Black "Jadoul, Michel"]
[Result "1-0"]
[WhiteElo "2630"]
[BlackElo "2320"]
[PlyCount "85"]
[EventDate "1985.12.16"]
[EventType "tourn"]
[EventRounds "13"]
[EventCountry "BEL"]
[EventCategory "9"]
[SourceTitle "EXT 2001"]
[Source "ChessBase"]
[SourceDate "2000.11.22"]
[SourceVersion "1"]
[SourceVersionDate "2000.11.22"]
[SourceQuality "1"]

1. Nf3 g6 2. d4 Bg7 3. g3 Nf6 4. Bg2 O-O 5. O-O d6 6. b3 c5 7. c4 Ne4 8. Bb2
Nc6 9. e3 Bg4 10. Qc2 f5 11. d5 Nb4 12. Qe2 Bxb2 13. Qxb2 Nd3 14. Qc2 Nb4 15.
Qd1 e6 16. dxe6 Qf6 17. Na3 d5 18. Nb5 Rad8 19. Qc1 a6 20. Nc7 Nc3 21. Qb2 Nd3
22. Qd2 Bxf3 23. Bxf3 Ne5 24. Bg2 Ne4 25. Qc2 dxc4 26. bxc4 Rd2 27. Qb3 Nxf2
28. Rxf2 Rxf2 29. Kxf2 Ng4+ 30. Ke2 Qxa1 31. e7 Rc8 32. Bxb7 Qg1 33. Bxc8 Qf2+
34. Kd1 Qf1+ 35. Kd2 Qf2+ 36. Kc1 Qe1+ 37. Qd1 Qc3+ 38. Kb1 Qb4+ 39. Kc2 Nxe3+
40. Kd3 Nxd1 41. e8=Q+ Kg7 42. Qe7+ Kh6 43. Qh4+ 1-0

[Event "Brussels OHRA-04"]
[Site "Brussels"]
[Date "1985.12.26"]
[Round "10"]
[White "Gruenfeld, Yehuda"]
[Black "Kortschnoj, Viktor Lvovich"]
[Result "0-1"]
[WhiteElo "2475"]
[BlackElo "2630"]
[PlyCount "74"]
[EventDate "1985.12.16"]
[EventType "tourn"]
[EventRounds "13"]
[EventCountry "BEL"]
[EventCategory "9"]
[SourceTitle "EXT 2001"]
[Source "ChessBase"]
[SourceDate "2000.11.22"]
[SourceVersion "1"]
[SourceVersionDate "2000.11.22"]
[SourceQuality "1"]

1. e4 e5 2. Nf3 Nc6 3. Bb5 a6 4. Ba4 Nf6 5. O-O Nxe4 6. d4 b5 7. Bb3 d5 8. dxe5
Be6 9. c3 Be7 10. Nbd2 Nc5 11. Bc2 Bg4 12. Qe2 Qd7 13. Re1 O-O 14. Nb3 Ne6 15.
h3 Bh5 16. g4 Bg6 17. Bf5 Ncd8 18. Be3 Nb7 19. h4 c5 20. h5 Bxf5 21. gxf5 Nc7
22. Qc2 f6 23. exf6 Bd6 24. Bg5 gxf6 25. Bh6 Qf7 26. Bxf8 Rxf8 27. Kf1 Qxh5 28.
Ng1 Kh8 29. Nd2 Rg8 30. Ndf3 Na5 31. b4 Nc4 32. bxc5 Bxc5 33. Qd3 Qh1 34. Ke2
Qg2 35. Qc2 Qxf2+ 36. Kd1 Ne3+ 37. Rxe3 Qxe3 0-1

[Event "Cannes"]
[Site "Cannes"]
[Date "1986.??.??"]
[Round "1"]
[White "Kortschnoj, Viktor Lvovich"]
[Black "Kouatly, Bachar"]
[Result "1-0"]
[WhiteElo "2635"]
[BlackElo "2445"]
[PlyCount "101"]
[EventDate "1986.02.??"]
[EventType "tourn"]
[EventRounds "9"]
[EventCountry "FRA"]
[EventCategory "10"]
[SourceTitle "MCL"]
[Source "ChessBase"]
[SourceDate "1999.07.01"]
[SourceVersion "1"]
[SourceVersionDate "1999.07.01"]
[SourceQuality "1"]

1. Nf3 Nf6 2. c4 g6 3. d4 Bg7 4. g3 O-O 5. Bg2 d5 6. cxd5 Nxd5 7. O-O Nc6 8. e4
Nb6 9. d5 Na5 10. Qe1 Nac4 11. Nc3 e6 12. b3 Qf6 13. bxc4 Qxc3 14. Qxc3 Bxc3
15. Rb1 Nxc4 16. Bh6 Bg7 17. Bxg7 Kxg7 18. dxe6 Bxe6 19. Rxb7 Nb6 20. Rxc7 Rfc8
21. Rxc8 Rxc8 22. Ra1 Rc3 23. Nd4 Bc4 24. a4 a5 25. h4 Bd3 26. e5 Rc4 27. Nb3
Rxa4 28. Rxa4 Nxa4 29. Nxa5 Nc5 30. f4 h6 31. Kf2 g5 32. Ke3 Bb5 33. Nb7 Nxb7
34. Bxb7 gxh4 35. gxh4 f6 36. Kd4 fxe5+ 37. fxe5 Bd7 38. Kc5 Bg4 39. Bc6 Bf5
40. Kd6 Bg6 41. e6 Kf6 42. e7 Bh5 43. Kd7 Ke5 44. Kd8 Kd6 45. Be8 Be2 46. Bg6
Bb5 47. Bh5 Ke5 48. Bg4 Kd6 49. h5 Ba4 50. e8=Q Bxe8 51. Kxe8 1-0

[Event "Cannes"]
[Site "Cannes"]
[Date "1986.??.??"]
[Round "3"]
[White "Santo Roman, Marc"]
[Black "Kortschnoj, Viktor Lvovich"]
[Result "0-1"]
[WhiteElo "2360"]
[BlackElo "2635"]
[Annotator "Dolmatov,S"]
[PlyCount "54"]
[EventDate "1986.02.??"]
[EventType "tourn"]
[EventRounds "9"]
[EventCountry "FRA"]
[EventCategory "10"]
[SourceTitle "MCL"]
[Source "ChessBase"]
[SourceDate "1999.07.01"]
[SourceVersion "1"]
[SourceVersionDate "1999.07.01"]
[SourceQuality "1"]

1. e4 e6 2. d4 d5 3. Nc3 Bb4 4. e5 c5 5. Bd2 Nc6 $6 6. Nb5 Bxd2+ 7. Qxd2 Nxd4
8. Nxd4 cxd4 9. O-O-O (9. Nf3 Ne7 10. Nxd4 Nc6 11. f4 $14) 9... Ne7 10. Qxd4
Nc6 11. Qg4 O-O 12. Nf3 (12. f4 $5 f6 13. Nf3 Qb6 (13... fxe5 14. fxe5 Rf5 15.
Qg3 $14) 14. Bd3 $14) 12... Bd7 13. Bd3 h6 (13... f5 14. Qh3 Qa5 15. Kb1 Nb4
16. a3 Nxd3 17. Rxd3 $14) 14. h4 $6 (14. Kb1 $5 Qb6 15. Qg3 $14) 14... Qb6 15.
Rd2 $6 (15. Qg3 Qa5 16. Kb1 Nb4 17. a3 Nxd3 18. Rxd3 $14) 15... Qb4 16. Qg3 (
16. Qxb4 Nxb4 17. a3 Nc6 18. Re1 $14) 16... Qa5 17. Kb1 Rac8 18. h5 $6 Ne7 $1
19. Re2 (19. Rh4 $2 Bb5 20. Rg4 Bxd3 21. Rxg7+ $2 Kh8 $19) 19... Bb5 20. Nd4
Bxd3 21. cxd3 $2 (21. Qxd3 $10) 21... Nc6 $17 22. Nb3 Qb5 23. Rh4 Nb4 24. Rd2
Nxa2 25. Kxa2 Rc6 26. d4 (26. Na1 Qa5+ $19) 26... Qa6+ 27. Kb1 Qf1+ 0-1